| 000 | 00341nam a22001457a 4500 | ||
|---|---|---|---|
| 003 | OSt | ||
| 005 | 20211224083952.0 | ||
| 008 | 211224b |||||||| |||| 00| 0 eng d | ||
| 020 | _a139780132172172 | ||
| 040 | _cHU | ||
| 082 |
_29TH _a004.6 |
||
| 100 |
_aStallings _924267 |
||
| 245 | _aData & Computer Communications | ||
| 942 |
_2ddc _cBOOKS _n0 |
||
| 999 |
_c23859 _d23859 |
||